000 00459nam a2200169Ia 4500
005 20250318140835.0
008 231217s9999 xx 000 0 und d
020 _a9788131701621
082 _a001.6424JAV HOR2.1;1
100 _aHorstmann, Cay SCornell, Gary
245 0 _aCore Java 2 V.1 : advanced features
250 _a7th ed.
260 _c2005
_bPearson Education
_aNew Delhi
300 _a784
500 _aContent page available
942 _cAA
999 _c183329
_d183329